000 00724nam0a22002291 4500
001 v19\rc\2060954
005 20250620024546.0
035 _a(NLR Aleph) 005137782
090 _a4772371
_c4772371
100 _a20081111d1909 |||y0rusy50 ca
101 0 _arus
102 _aRU
105 _ay z |||||
200 1 _aСоучастие в военно-уголовном праве
_eЗаписки слушателей Академии по лекциям профессора кн. Друцкого. 1909 г.
210 _aБ.м.
_d1909
309 _aЛитогр.
702 1 _aДруцкой
_4570
801 0 _aRU
_bNLR
_gpsbo
801 1 _aRU
_bProSoft-M
_2rusmarc
852 _aNLR
_j37.76.8.111
942 _cBOOK
980 _aNB